000 00250nam a22001097a 4500
040 _cSK
082 _a581
100 _aEMILE DUHOUX
245 _aBiologie vegetale associations et interactions chez les plantes
260 _aNA
_bDUH
_cNA
942 _cEK
999 _c10334
_d10334